| LEADER |
01476ngm0a2200325 450 |
| 001 |
16848013 |
| 100 |
|
|
|a 20211001d2021 u u0frey01 ba
|
| 101 |
0 |
|
|a fre
|
| 102 |
|
|
|a FR
|
| 200 |
0 |
|
|a Titane
|f Julia Ducournau, réal.
|g Séverin Favriau, Jim Williams, comp. - Julia Ducournau, Jacques Akchoti, Jean-Christophe Bouzy, Simonetta Greggio, scénario - Vincent Lindon, Agathe Rousselle, Garance Marillier, Laïs Salameh, Mara Cisse, Marin Judas, ... [et al.] act.
|
| 207 |
|
1 |
|a
|
| 210 |
|
|
|a Paris
|c Diaphana Films
|d 2021
|
| 215 |
|
|
|a 1 DVD vidéo monoface zone 2 (1 h 48 min)
|c 16/9, coul. (PAL), son. (Dolby digital 5.1)
|
| 300 |
|
|
|a Langues principales : français;
|
| 330 |
|
|
|a Après une série de crimes inexpliqués, un père retrouve son fils disparu depuis dix ans. Titane : Métal hautement résistant à la chaleur et à la corrosion, donnant des alliages très durs.
|
| 700 |
|
0 |
|a Ducournau
|b Julia
|4 370
|
| 702 |
|
0 |
|a Akchoti
|b Jacques
|4 690
|
| 702 |
|
0 |
|a Bouzy
|b Jean-Christophe
|4 690
|
| 702 |
|
0 |
|a Greggio
|b Simonetta
|f 1961-....
|4 690
|
| 702 |
|
0 |
|a Favriau
|b Séverin
|4 230
|
| 702 |
|
0 |
|a Williams
|b Jim
|4 230
|
| 702 |
|
0 |
|a Lindon
|b Vincent
|4 5
|
| 702 |
|
0 |
|a Rousselle
|b Agathe
|4 5
|
| 702 |
|
0 |
|a Marillier
|b Garance
|4 5
|
| 702 |
|
0 |
|a Salameh
|b Laïs
|4 5
|
| 702 |
|
0 |
|a Cisse
|b Mara
|4 5
|
| 702 |
|
0 |
|a Judas
|b Marin
|4 5
|
| 900 |
|
|
|a Film
|
| 901 |
|
|
|a Accessible au prêt
|
| 995 |
|
|
|a Bibliothèque
|c Bibliothèque
|f 00156011898871
|h 00156011898871
|k F DUC
|o p
|q a
|r gd
|e Bibliothèque
|